[Event "Russian Rapid Championship (m)"]
[Site "Sochi"]
[Date "2022.10.16"]
[Round "11.6"]
[White "Timofeev, Artyom"]
[Black "Kukhmazov, Arsen"]
[Result "1-0"]
[BlackElo "2459"]
[WhiteElo "2560"]
[LiveChessVersion "1.4.8"]

1. e4 {[%clk 0:15:17]} c6 {[%clk 0:15:19]} 2. Nf3 {[%clk 0:15:08]} d5
{[%clk 0:15:27]} 3. d3 {[%clk 0:15:17]} dxe4 {[%clk 0:15:28]} 4. dxe4
{[%clk 0:15:25]} Qxd1+ {[%clk 0:15:36]} 5. Kxd1 {[%clk 0:15:34]} Nf6
{[%clk 0:15:45]} 6. Bd3 {[%clk 0:15:42]} Nbd7 {[%clk 0:15:53]} 7. Ke2
{[%clk 0:15:43]} Nc5 {[%clk 0:15:42]} 8. Nc3 {[%clk 0:15:40]} g6 {[%clk 0:13:35]}
9. Be3 {[%clk 0:15:37]} Nxd3 {[%clk 0:13:30]} 10. cxd3 {[%clk 0:15:45]} Bg7
{[%clk 0:13:37]} 11. h3 {[%clk 0:15:39]} b6 {[%clk 0:11:35]} 12. a4
{[%clk 0:15:36]} Ba6 {[%clk 0:07:41]} 13. a5 {[%clk 0:11:22]} Nd7
{[%clk 0:05:43]} 14. Ra3 {[%clk 0:09:54]} O-O {[%clk 0:04:31]} 15. axb6
{[%clk 0:08:24]} axb6 {[%clk 0:04:40]} 16. Rha1 {[%clk 0:08:31]} Bb7
{[%clk 0:04:46]} 17. Ra7 {[%clk 0:08:27]} Rab8 {[%clk 0:03:35]} 18. d4
{[%clk 0:07:51]} f6 {[%clk 0:03:30]} 19. Rd1 {[%clk 0:07:31]} Bc8
{[%clk 0:02:15]} 20. d5 {[%clk 0:06:06]} c5 {[%clk 0:02:08]} 21. Bf4
{[%clk 0:05:50]} Rb7 {[%clk 0:02:13]} 22. Rda1 {[%clk 0:05:57]} g5
{[%clk 0:00:19]} 23. Rxb7 {[%clk 0:05:20]} Bxb7 24. Ra7 {[%clk 0:05:26]} Bc8
{[%clk 0:00:38]} 25. Bc7 {[%clk 0:05:01]} f5 {[%clk 0:00:43]} 26. Nxg5
{[%clk 0:04:59]} Bxc3 {[%clk 0:00:39]} 27. bxc3 {[%clk 0:05:06]} fxe4
{[%clk 0:00:48]} 28. Ne6 {[%clk 0:04:10]} Re8 {[%clk 0:00:58]} 29. c4
{[%clk 0:04:19]} Kf7 {[%clk 0:00:13]} 30. Ng5+ {[%clk 0:04:00]} Kg6
{[%clk 0:00:23]} 31. Nxe4 {[%clk 0:04:08]} Nf6 {[%clk 0:00:24]} 32. Nc3
{[%clk 0:03:58]} Bf5 {[%clk 0:00:12]} 33. g4 {[%clk 0:03:15]} Bc2
{[%clk 0:00:21]} 34. Kd2 {[%clk 0:03:23]} Bb3 {[%clk 0:00:29]} 35. Kd3
{[%clk 0:03:31]} e6 {[%clk 0:00:19]} 36. Ra3 {[%clk 0:02:59]} Bxc4+
{[%clk 0:00:28]} 37. Kxc4 {[%clk 0:02:59]} exd5+ {[%clk 0:00:37]} 38. Kb5
{[%clk 0:02:34]} d4 {[%clk 0:00:47]} 39. Na4 {[%clk 0:02:36]} Re2
{[%clk 0:00:18]} 40. Bxb6 {[%clk 0:02:33]} Rxf2 {[%clk 0:00:18]} 41. Bxc5
{[%clk 0:02:21]} Rd2 {[%clk 0:00:11]} 42. Kc4 {[%clk 0:02:25]} Ne4
{[%clk 0:00:13]} 43. Bb4 {[%clk 0:01:35]} Rd1 {[%clk 0:00:22]} 44. Nc5
{[%clk 0:01:25]} Nd6+ {[%clk 0:00:20]} 45. Kd5 {[%clk 0:01:30]} Nb5
{[%clk 0:00:29]} 46. Rf3 {[%clk 0:00:53]} Nc3+ {[%clk 0:00:23]} 47. Kc4
{[%clk 0:00:45]} Ne2 {[%clk 0:00:32]} 48. Nd3 {[%clk 0:00:45]} Ng1
{[%clk 0:00:29]} 49. Ne5+ {[%clk 0:00:52]} Kg7 {[%clk 0:00:34]} 50. Rf7+
{[%clk 0:00:27]} Kg8 {[%clk 0:00:26]} 51. h4 {[%clk 0:00:27]} Ne2
{[%clk 0:00:26]} 52. Rf5 {[%clk 0:00:27]} h6 {[%clk 0:00:22]} 53. h5
{[%clk 0:00:21]} Ng3 {[%clk 0:00:17]} 54. Rf8+ {[%clk 0:00:27]} Kg7
{[%clk 0:00:27]} 55. Rf7+ Kg8 56. Rd7 {[%clk 0:00:34]} Ne4 {[%clk 0:00:11]} 57.
Rxd4 {[%clk 0:00:37]} Rc1+ {[%clk 0:00:20]} 58. Kd5 {[%clk 0:00:35]} Ng5
{[%clk 0:00:21]} 59. Bd2 {[%clk 0:00:38]} 1-0

[Event "Russian Rapid Championship (m)"]
[Site "Sochi"]
[Date "2022.10.16"]
[Round "11.7"]
[White "Kezin, Roman"]
[Black "Tsydypov, Zhamsaran"]
[Result "1/2-1/2"]
[BlackElo "2554"]
[WhiteElo "2471"]
[LiveChessVersion "1.4.8"]

1. d4 {[%clk 0:15:19]} Nf6 {[%clk 0:15:18]} 2. c4 {[%clk 0:15:28]} g6
{[%clk 0:15:26]} 3. g3 {[%clk 0:15:33]} Bg7 {[%clk 0:15:32]} 4. Bg2
{[%clk 0:15:42]} O-O {[%clk 0:15:35]} 5. Nc3 {[%clk 0:15:40]} d6 {[%clk 0:15:27]}
6. Nf3 {[%clk 0:15:48]} Nbd7 {[%clk 0:15:34]} 7. O-O {[%clk 0:15:55]} e5
{[%clk 0:15:23]} 8. e4 {[%clk 0:16:04]} c6 {[%clk 0:15:17]} 9. h3
{[%clk 0:16:10]} Re8 {[%clk 0:15:09]} 10. Be3 {[%clk 0:15:36]} exd4
{[%clk 0:14:31]} 11. Nxd4 {[%clk 0:15:44]} Nc5 {[%clk 0:14:27]} 12. Qc2
{[%clk 0:15:53]} Qe7 {[%clk 0:14:16]} 13. Rfe1 {[%clk 0:16:02]} a5
{[%clk 0:13:55]} 14. Rad1 {[%clk 0:15:53]} a4 {[%clk 0:13:37]} 15. b4
{[%clk 0:15:23]} axb3 16. axb3 Nfd7 {[%clk 0:13:40]} 17. f4 {[%clk 0:06:02]} Na6
{[%clk 0:13:33]} 18. Na2 {[%clk 0:05:25]} Nf6 {[%clk 0:13:16]} 19. Bf2
{[%clk 0:05:31]} Qc7 {[%clk 0:13:20]} 20. b4 {[%clk 0:05:27]} Bd7
{[%clk 0:13:22]} 21. Qb1 {[%clk 0:04:52]} h5 {[%clk 0:13:12]} 22. Nf3
{[%clk 0:03:54]} Be6 {[%clk 0:12:28]} 23. Qc2 {[%clk 0:03:37]} c5
{[%clk 0:10:57]} 24. f5 {[%clk 0:03:25]} gxf5 {[%clk 0:10:40]} 25. exf5
{[%clk 0:03:28]} Bd7 {[%clk 0:10:48]} 26. b5 {[%clk 0:01:16]} Rxe1+
{[%clk 0:10:23]} 27. Bxe1 {[%clk 0:01:08]} Nb4 {[%clk 0:10:24]} 28. Nxb4
{[%clk 0:01:10]} cxb4 {[%clk 0:10:33]} 29. Bxb4 {[%clk 0:01:10]} d5
{[%clk 0:10:41]} 30. Be1 {[%clk 0:00:17]} Bxb5 {[%clk 0:10:41]} 31. c5
{[%clk 0:00:11]} Ba4 {[%clk 0:10:26]} 32. Qa2 Qxc5+ {[%clk 0:09:44]} 33. Bf2
{[%clk 0:00:29]} Qc4 {[%clk 0:09:45]} 34. Qa1 {[%clk 0:00:11]} Qc2
{[%clk 0:08:01]} 35. Rd2 {[%clk 0:00:11]} Qxf5 {[%clk 0:07:53]} 36. Bd4
{[%clk 0:00:14]} Ra6 {[%clk 0:08:01]} 37. Ra2 {[%clk 0:00:12]} Bb5
{[%clk 0:07:36]} 38. Rxa6 {[%clk 0:00:14]} bxa6 {[%clk 0:07:44]} 39. Qa5
{[%clk 0:00:16]} Ne4 {[%clk 0:06:32]} 40. Qd8+ {[%clk 0:00:19]} Kh7
{[%clk 0:06:40]} 41. Bxg7 {[%clk 0:00:17]} Kxg7 {[%clk 0:06:45]} 42. Qc7
{[%clk 0:00:11]} Qf6 {[%clk 0:06:38]} 43. Nh4 {[%clk 0:00:11]} Bf1
{[%clk 0:05:04]} 44. Bxe4 {[%clk 0:00:11]} dxe4 {[%clk 0:05:10]} 45. Qc5
{[%clk 0:00:11]} Bxh3 {[%clk 0:05:06]} 46. Qxh5 {[%clk 0:00:18]} e3
{[%clk 0:04:24]} 47. Qe2 {[%clk 0:00:12]} Qd4 {[%clk 0:03:10]} 48. Nf3
{[%clk 0:00:12]} Qa1+ {[%clk 0:02:41]} 49. Kh2 {[%clk 0:00:21]} Qf1
{[%clk 0:02:44]} 50. Qb2+ {[%clk 0:00:13]} f6 {[%clk 0:02:36]} 51. Qb7+
{[%clk 0:00:15]} Kh6 {[%clk 0:02:42]} 52. Ng1 {[%clk 0:00:14]} Bg4
{[%clk 0:01:52]} 53. Qa8 {[%clk 0:00:12]} Qf2+ {[%clk 0:01:44]} 54. Kh1
{[%clk 0:00:20]} Bf5 {[%clk 0:00:41]} 55. Qf8+ {[%clk 0:00:28]} Kh5
{[%clk 0:00:30]} 56. Qh8+ {[%clk 0:00:27]} Kg6 {[%clk 0:00:36]} 57. Qg8+
{[%clk 0:00:33]} Kh6 {[%clk 0:00:44]} 58. Qf8+ {[%clk 0:00:34]} Kh5
{[%clk 0:00:50]} 59. Qh8+ {[%clk 0:00:40]} Kg6 {[%clk 0:00:57]} 60. Qg8+
{[%clk 0:00:47]} Kh6 {[%clk 0:01:05]} 61. Qf8+ {[%clk 0:00:55]} Kh5
{[%clk 0:00:51]} 62. Qh8+ {[%clk 0:01:01]} 1/2-1/2

[Event "Russian Rapid Championship (m)"]
[Site "Sochi"]
[Date "2022.10.16"]
[Round "11.8"]
[White "Vastrukhin, Oleg"]
[Black "Chigaev, Maksim"]
[Result "1/2-1/2"]
[BlackElo "2540"]
[WhiteElo "2358"]
[LiveChessVersion "1.4.8"]

1. Nf3 {[%clk 0:15:17]} Nf6 {[%clk 0:15:19]} 2. g3 {[%clk 0:15:25]} g6
{[%clk 0:15:28]} 3. Bg2 {[%clk 0:15:33]} Bg7 {[%clk 0:15:37]} 4. O-O
{[%clk 0:15:41]} O-O {[%clk 0:15:44]} 5. c4 {[%clk 0:15:49]} c5 {[%clk 0:15:39]}
6. Nc3 {[%clk 0:15:55]} Nc6 {[%clk 0:15:42]} 7. d3 {[%clk 0:15:46]} d6
{[%clk 0:15:26]} 8. a3 {[%clk 0:15:43]} Qd7 {[%clk 0:15:16]} 9. Rb1
{[%clk 0:15:14]} b6 {[%clk 0:15:20]} 10. b4 {[%clk 0:15:15]} Bb7 {[%clk 0:15:28]}
11. Qa4 {[%clk 0:14:17]} Rfd8 {[%clk 0:14:40]} 12. Bb2 {[%clk 0:14:21]} Rac8
{[%clk 0:12:45]} 13. Rfc1 {[%clk 0:14:16]} Ba8 {[%clk 0:11:51]} 14. Ba1
{[%clk 0:08:58]} Ng4 {[%clk 0:11:25]} 15. Nd5 {[%clk 0:08:19]} e6
{[%clk 0:09:02]} 16. Bxg7 {[%clk 0:08:07]} Kxg7 {[%clk 0:07:50]} 17. Ne3
{[%clk 0:08:09]} Nxe3 {[%clk 0:07:36]} 18. fxe3 {[%clk 0:08:17]} Ne7
{[%clk 0:07:34]} 19. Qxd7 {[%clk 0:07:59]} Rxd7 {[%clk 0:07:42]} 20. Kf2
{[%clk 0:07:39]} h6 {[%clk 0:07:32]} 21. bxc5 Rxc5 {[%clk 0:07:11]} 22. Nd2
{[%clk 0:06:20]} Bxg2 {[%clk 0:07:09]} 23. Kxg2 {[%clk 0:06:29]} Ra5
{[%clk 0:06:51]} 24. Rc3 {[%clk 0:05:57]} Rc7 {[%clk 0:06:46]} 25. Rcb3
{[%clk 0:05:05]} d5 {[%clk 0:06:31]} 26. e4 {[%clk 0:04:58]} dxc4
{[%clk 0:05:52]} 27. Nxc4 {[%clk 0:05:07]} Rac5 {[%clk 0:06:00]} 28. a4
{[%clk 0:05:02]} Nc6 {[%clk 0:04:02]} 29. Rb5 {[%clk 0:04:58]} Rxc4
{[%clk 0:03:07]} 30. dxc4 {[%clk 0:05:06]} Nd4 {[%clk 0:03:16]} 31. R5b2
{[%clk 0:01:58]} e5 {[%clk 0:03:25]} 32. e3 {[%clk 0:01:58]} Ne6 {[%clk 0:03:34]}
33. a5 {[%clk 0:01:48]} Rxc4 {[%clk 0:02:51]} 34. axb6 {[%clk 0:01:56]} axb6
{[%clk 0:03:00]} 35. h4 {[%clk 0:01:42]} Nc5 {[%clk 0:01:57]} 36. Kf3
{[%clk 0:01:13]} Nxe4 {[%clk 0:00:54]} 37. Rb4 {[%clk 0:01:19]} Rxb4
{[%clk 0:00:37]} 38. Rxb4 {[%clk 0:01:27]} Nf6 {[%clk 0:00:45]} 39. Rxb6
{[%clk 0:01:14]} h5 {[%clk 0:00:49]} 40. e4 {[%clk 0:00:56]} Ng4 {[%clk 0:00:55]}
41. Ra6 {[%clk 0:00:57]} Kf8 {[%clk 0:01:03]} 42. Ke2 {[%clk 0:00:54]} Ke7
{[%clk 0:01:09]} 43. Kd3 {[%clk 0:00:53]} Nf2+ {[%clk 0:01:17]} 44. Ke3
{[%clk 0:00:57]} Ng4+ {[%clk 0:01:25]} 45. Ke2 {[%clk 0:01:04]} Kd7
{[%clk 0:01:00]} 46. Ra2 {[%clk 0:01:04]} Ke6 {[%clk 0:00:25]} 47. Kd3
{[%clk 0:01:12]} Nf6 {[%clk 0:00:26]} 48. Ra7 {[%clk 0:01:18]} Ne8
{[%clk 0:00:27]} 49. Ra6+ {[%clk 0:00:32]} Nd6 {[%clk 0:00:32]} 50. Ke3
{[%clk 0:00:23]} 1/2-1/2

[Event "Russian Rapid Championship (m)"]
[Site "Sochi"]
[Date "2022.10.16"]
[Round "11.9"]
[White "Pridorozhni, Aleksei"]
[Black "Zakhartsov, Vladimir"]
[Result "0-1"]
[BlackElo "2435"]
[WhiteElo "2538"]
[LiveChessVersion "1.4.8"]

1. e4 {[%clk 0:15:18]} c5 {[%clk 0:15:18]} 2. Nf3 {[%clk 0:15:25]} Nc6
{[%clk 0:15:27]} 3. Bb5 {[%clk 0:15:33]} g6 {[%clk 0:15:36]} 4. O-O
{[%clk 0:15:39]} Bg7 {[%clk 0:15:45]} 5. Re1 {[%clk 0:15:47]} e5 {[%clk 0:15:41]}
6. Bxc6 {[%clk 0:15:53]} dxc6 {[%clk 0:15:39]} 7. a4 {[%clk 0:16:01]} a5
{[%clk 0:15:44]} 8. Na3 {[%clk 0:16:08]} Qc7 {[%clk 0:14:59]} 9. b3
{[%clk 0:16:04]} Nh6 {[%clk 0:14:49]} 10. Nc4 {[%clk 0:16:04]} O-O
{[%clk 0:14:34]} 11. d3 {[%clk 0:15:18]} f6 {[%clk 0:14:32]} 12. Be3
{[%clk 0:14:14]} b6 {[%clk 0:14:40]} 13. b4 {[%clk 0:14:14]} axb4
{[%clk 0:12:40]} 14. a5 {[%clk 0:14:21]} b5 {[%clk 0:12:54]} 15. Nb6
{[%clk 0:14:24]} Rxa5 {[%clk 0:12:54]} 16. Rxa5 {[%clk 0:13:00]} Qxb6
{[%clk 0:13:03]} 17. Qa1 {[%clk 0:12:52]} Ng4 18. Ra8 Nxe3 {[%clk 0:12:51]} 19.
fxe3 {[%clk 0:12:59]} Be6 {[%clk 0:11:54]} 20. Qa7 {[%clk 0:12:14]} Qxa7
{[%clk 0:11:44]} 21. Rxa7 {[%clk 0:12:23]} c4 {[%clk 0:11:01]} 22. dxc4
{[%clk 0:12:11]} bxc4 {[%clk 0:10:36]} 23. Rb7 {[%clk 0:12:18]} c5
{[%clk 0:10:22]} 24. Re7 {[%clk 0:10:55]} Bg4 {[%clk 0:09:47]} 25. Ra1
{[%clk 0:08:16]} Rd8 {[%clk 0:09:45]} 26. h3 {[%clk 0:08:01]} Bf8
{[%clk 0:09:04]} 27. Rc7 {[%clk 0:07:32]} Bxf3 {[%clk 0:08:02]} 28. gxf3
{[%clk 0:07:40]} c3 {[%clk 0:08:09]} 29. Kf2 {[%clk 0:06:33]} Rd2+
{[%clk 0:05:22]} 30. Kg3 {[%clk 0:06:41]} Rxc2 {[%clk 0:05:18]} 31. Ra8
{[%clk 0:06:49]} b3 {[%clk 0:05:25]} 32. Rcc8 {[%clk 0:06:42]} Ra2
{[%clk 0:05:29]} 0-1

[Event "Russian Rapid Championship (m)"]
[Site "Sochi"]
[Date "2022.10.16"]
[Round "11.10"]
[White "Smirnov, Pavel"]
[Black "Afanasiev, Nikita"]
[Result "0-1"]
[BlackElo "2535"]
[WhiteElo "2458"]
[LiveChessVersion "1.4.8"]

1. d4 {[%clk 0:15:19]} g6 {[%clk 0:15:19]} 2. e4 {[%clk 0:15:23]} Bg7
{[%clk 0:15:28]} 3. c4 {[%clk 0:14:12]} e6 {[%clk 0:15:37]} 4. Nc3
{[%clk 0:14:20]} Ne7 {[%clk 0:15:45]} 5. h4 {[%clk 0:13:12]} d5 {[%clk 0:15:31]}
6. cxd5 {[%clk 0:13:19]} exd5 {[%clk 0:15:39]} 7. e5 {[%clk 0:13:28]} c5
{[%clk 0:15:07]} 8. h5 {[%clk 0:11:57]} cxd4 {[%clk 0:15:15]} 9. Qxd4
{[%clk 0:12:05]} Nbc6 {[%clk 0:15:15]} 10. Qh4 {[%clk 0:12:14]} Qa5
{[%clk 0:13:50]} 11. Bb5 {[%clk 0:09:34]} Bxe5 {[%clk 0:12:32]} 12. Nge2
{[%clk 0:09:42]} Nf5 {[%clk 0:11:35]} 13. Qa4 {[%clk 0:09:36]} Qxa4
{[%clk 0:11:21]} 14. Bxa4 {[%clk 0:09:45]} Be6 {[%clk 0:10:46]} 15. Bf4
{[%clk 0:09:55]} Bg7 {[%clk 0:09:51]} 16. h6 {[%clk 0:08:49]} Bf6
{[%clk 0:09:47]} 17. O-O-O {[%clk 0:08:39]} O-O-O {[%clk 0:09:31]} 18. g4
{[%clk 0:08:24]} Nfe7 {[%clk 0:09:10]} 19. f3 {[%clk 0:07:20]} a6
{[%clk 0:07:52]} 20. Kb1 {[%clk 0:06:31]} b5 {[%clk 0:07:21]} 21. Bc2
{[%clk 0:06:30]} Kb7 {[%clk 0:06:59]} 22. g5 {[%clk 0:06:28]} Bxc3
{[%clk 0:06:15]} 23. Nxc3 {[%clk 0:06:36]} Rd7 {[%clk 0:06:04]} 24. Rhe1
{[%clk 0:06:31]} Rhd8 {[%clk 0:06:13]} 25. Ka1 {[%clk 0:06:01]} Nf5
{[%clk 0:06:11]} 26. Ne2 {[%clk 0:06:01]} d4 {[%clk 0:06:12]} 27. Be4
{[%clk 0:05:57]} Kb6 {[%clk 0:06:18]} 28. Rd2 {[%clk 0:05:47]} Bc4
{[%clk 0:04:07]} 29. Bxf5 {[%clk 0:05:25]} gxf5 {[%clk 0:04:15]} 30. Ng3
{[%clk 0:05:30]} Nb4 {[%clk 0:03:54]} 31. Nxf5 {[%clk 0:04:42]} Bd3
{[%clk 0:03:46]} 32. Re5 {[%clk 0:04:22]} Rc8 {[%clk 0:03:11]} 33. b3
{[%clk 0:03:43]} Rc1+ {[%clk 0:03:10]} 34. Kb2 {[%clk 0:03:52]} Rb1+
{[%clk 0:03:19]} 35. Ka3 {[%clk 0:04:00]} Nc2+ {[%clk 0:03:25]} 36. Rxc2
{[%clk 0:04:07]} Bxc2 {[%clk 0:03:35]} 37. Nxd4 {[%clk 0:04:09]} b4+
{[%clk 0:03:43]} 38. Ka4 {[%clk 0:04:17]} Rxd4 {[%clk 0:03:52]} 39. Be3
{[%clk 0:03:42]} Bxb3+ {[%clk 0:04:01]} 40. axb3 {[%clk 0:03:51]} Ra1#
{[%clk 0:04:10]} 0-1

[Event "Russian Rapid Championship (m)"]
[Site "Sochi"]
[Date "2022.10.16"]
[Round "11.11"]
[White "Goltsev, Dmitry"]
[Black "Alekseev, Evgeny"]
[Result "0-1"]
[BlackElo "2533"]
[WhiteElo "2145"]
[LiveChessVersion "1.4.8"]

1. e4 {[%clk 0:15:19]} c5 {[%clk 0:15:19]} 2. Nf3 {[%clk 0:15:27]} e6
{[%clk 0:15:27]} 3. d4 {[%clk 0:15:09]} cxd4 {[%clk 0:15:35]} 4. Nxd4
{[%clk 0:15:17]} Nc6 {[%clk 0:15:42]} 5. Nc3 {[%clk 0:15:25]} a6 {[%clk 0:15:46]}
6. Be3 {[%clk 0:15:28]} Nf6 {[%clk 0:15:52]} 7. Be2 {[%clk 0:15:36]} d6
{[%clk 0:15:50]} 8. O-O {[%clk 0:15:42]} Be7 {[%clk 0:15:55]} 9. f4
{[%clk 0:15:46]} O-O {[%clk 0:15:59]} 10. Bf3 {[%clk 0:15:42]} Qc7
{[%clk 0:14:54]} 11. Qe2 {[%clk 0:15:06]} Nxd4 {[%clk 0:12:29]} 12. Bxd4
{[%clk 0:15:14]} e5 {[%clk 0:12:37]} 13. fxe5 {[%clk 0:15:14]} dxe5
{[%clk 0:12:46]} 14. Be3 {[%clk 0:15:21]} Be6 {[%clk 0:12:09]} 15. Rfd1
{[%clk 0:15:03]} Rac8 {[%clk 0:11:40]} 16. a3 {[%clk 0:15:04]} b5
{[%clk 0:10:32]} 17. Rd2 {[%clk 0:14:57]} h6 {[%clk 0:09:42]} 18. Qf2
{[%clk 0:14:17]} b4 {[%clk 0:08:05]} 19. Nd5 {[%clk 0:13:08]} Bxd5
{[%clk 0:08:05]} 20. exd5 {[%clk 0:13:15]} bxa3 {[%clk 0:07:59]} 21. bxa3
{[%clk 0:12:26]} Bd6 {[%clk 0:07:43]} 22. g3 {[%clk 0:12:14]} Qc3
{[%clk 0:07:19]} 23. Qe1 {[%clk 0:10:58]} Rfd8 {[%clk 0:05:34]} 24. Rf2
{[%clk 0:09:38]} e4 {[%clk 0:05:09]} 25. Bg2 {[%clk 0:08:58]} Nxd5
{[%clk 0:02:43]} 26. Qxc3 {[%clk 0:08:33]} Nxc3 {[%clk 0:01:40]} 27. Rd2
{[%clk 0:07:54]} Be5 {[%clk 0:01:28]} 28. Rxd8+ Rxd8 29. Rf1 {[%clk 0:06:51]} Bd4
{[%clk 0:01:09]} 30. Kf2 {[%clk 0:06:38]} f5 {[%clk 0:00:55]} 31. Bxd4
{[%clk 0:06:33]} Rxd4 {[%clk 0:01:04]} 32. Ke3 {[%clk 0:06:39]} Rd5
{[%clk 0:01:13]} 33. Bh3 {[%clk 0:06:17]} g6 {[%clk 0:01:14]} 34. g4
{[%clk 0:06:25]} fxg4 {[%clk 0:00:51]} 35. Bxg4 {[%clk 0:06:34]} Rd6
{[%clk 0:00:55]} 36. Bc8 {[%clk 0:06:28]} Kg7 {[%clk 0:00:55]} 37. h4
{[%clk 0:06:17]} a5 {[%clk 0:00:50]} 38. Bb7 {[%clk 0:05:53]} Rf6
{[%clk 0:00:40]} 39. Rxf6 {[%clk 0:04:43]} Kxf6 {[%clk 0:00:49]} 40. Kd4
{[%clk 0:04:51]} Nb5+ {[%clk 0:00:57]} 41. Ke3 {[%clk 0:04:13]} Nd6
{[%clk 0:00:29]} 42. Bxe4 {[%clk 0:02:23]} Nxe4 {[%clk 0:00:39]} 43. Kxe4
{[%clk 0:02:31]} Ke6 {[%clk 0:00:47]} 44. a4 {[%clk 0:02:36]} Kd6
{[%clk 0:00:56]} 45. Kd4 {[%clk 0:02:42]} Kc6 {[%clk 0:00:53]} 46. Ke5
{[%clk 0:02:18]} Kc5 {[%clk 0:01:01]} 47. Kf6 {[%clk 0:02:26]} Kb4
{[%clk 0:00:50]} 48. Kxg6 {[%clk 0:02:33]} Kxa4 {[%clk 0:00:59]} 49. Kxh6
{[%clk 0:02:41]} Kb5 {[%clk 0:01:06]} 50. c4+ {[%clk 0:02:17]} Kc6
{[%clk 0:01:06]} 51. Kg7 {[%clk 0:02:25]} a4 {[%clk 0:01:15]} 52. h5
{[%clk 0:02:34]} a3 {[%clk 0:01:24]} 53. h6 {[%clk 0:02:43]} a2 {[%clk 0:01:33]}
54. h7 {[%clk 0:02:51]} a1=Q+ {[%clk 0:01:41]} 55. Kg8 {[%clk 0:03:00]} Qg1+
{[%clk 0:01:46]} 56. Kh8 {[%clk 0:03:08]} Qd4+ {[%clk 0:01:50]} 57. Kg8
{[%clk 0:03:16]} Qg4+ {[%clk 0:01:59]} 58. Kh8 {[%clk 0:03:24]} Qf5
{[%clk 0:02:02]} 59. Kg7 {[%clk 0:03:32]} Qg5+ {[%clk 0:02:11]} 60. Kh8
{[%clk 0:03:35]} Qf6+ {[%clk 0:02:19]} 61. Kg8 {[%clk 0:03:44]} Qg6+
{[%clk 0:02:28]} 62. Kh8 {[%clk 0:03:52]} Qf7 {[%clk 0:02:35]} 0-1

[Event "Russian Rapid Championship (m)"]
[Site "Sochi"]
[Date "2022.10.16"]
[Round "11.12"]
[White "Dzhumagaliev, Yan"]
[Black "Gontcharov, Vladislav"]
[Result "0-1"]
[BlackElo "2366"]
[WhiteElo "2479"]
[LiveChessVersion "1.4.8"]

1. Nf3 {[%clk 0:15:17]} Nf6 {[%clk 0:15:08]} 2. d4 {[%clk 0:15:24]} g6
{[%clk 0:15:12]} 3. g3 {[%clk 0:15:32]} Bg7 {[%clk 0:15:20]} 4. Bg2
{[%clk 0:15:41]} c5 {[%clk 0:15:17]} 5. d5 {[%clk 0:14:10]} d6 {[%clk 0:15:25]}
6. Nc3 {[%clk 0:14:13]} O-O {[%clk 0:15:26]} 7. O-O {[%clk 0:14:20]} Bg4
{[%clk 0:15:32]} 8. h3 {[%clk 0:14:21]} Bxf3 {[%clk 0:15:40]} 9. exf3
{[%clk 0:14:29]} Na6 {[%clk 0:15:38]} 10. f4 {[%clk 0:14:36]} Nc7
{[%clk 0:15:45]} 11. a4 {[%clk 0:14:42]} b6 {[%clk 0:15:42]} 12. Qd3
{[%clk 0:14:35]} a6 {[%clk 0:15:49]} 13. f5 {[%clk 0:14:33]} Rb8 {[%clk 0:15:33]}
14. fxg6 {[%clk 0:14:36]} hxg6 {[%clk 0:15:38]} 15. Bg5 {[%clk 0:13:19]} b5
{[%clk 0:15:07]} 16. axb5 {[%clk 0:13:26]} axb5 {[%clk 0:15:16]} 17. Qd2
{[%clk 0:13:29]} b4 {[%clk 0:14:52]} 18. Ne2 {[%clk 0:13:32]} Nh7
{[%clk 0:14:22]} 19. Rab1 {[%clk 0:09:59]} Nxg5 {[%clk 0:14:30]} 20. Qxg5
{[%clk 0:10:07]} e5 {[%clk 0:13:30]} 21. Qd2 {[%clk 0:09:06]} f5 {[%clk 0:13:27]}
22. c4 {[%clk 0:08:43]} Ra8 {[%clk 0:11:43]} 23. Nc1 {[%clk 0:07:59]} Qf6
{[%clk 0:11:39]} 24. Nb3 {[%clk 0:07:11]} Kh7 {[%clk 0:11:28]} 25. Qe2
{[%clk 0:06:22]} Rfe8 {[%clk 0:11:18]} 26. f3 {[%clk 0:05:44]} Qg5
{[%clk 0:10:27]} 27. Kh2 {[%clk 0:05:36]} Bh6 {[%clk 0:09:24]} 28. Ra1
{[%clk 0:05:17]} Qe3 {[%clk 0:08:04]} 29. Qc2 {[%clk 0:04:21]} Bg7
{[%clk 0:07:18]} 30. Rfe1 {[%clk 0:03:51]} Qg5 {[%clk 0:07:10]} 31. Qf2
{[%clk 0:03:48]} Qe7 {[%clk 0:05:59]} 32. Qc2 {[%clk 0:03:33]} Rxa1
{[%clk 0:06:01]} 33. Nxa1 {[%clk 0:03:28]} Ra8 {[%clk 0:06:05]} 34. Nb3
{[%clk 0:03:34]} Ne8 {[%clk 0:05:40]} 35. Nc1 {[%clk 0:02:27]} Ra1
{[%clk 0:05:39]} 36. Nd3 {[%clk 0:02:32]} Rxe1 {[%clk 0:05:45]} 37. Nxe1
{[%clk 0:02:41]} Qa7 {[%clk 0:05:53]} 38. g4 {[%clk 0:01:07]} Qf7
{[%clk 0:04:50]} 39. gxf5 {[%clk 0:01:08]} gxf5 {[%clk 0:04:58]} 40. h4
{[%clk 0:01:04]} Bh6 {[%clk 0:05:06]} 41. Bh3 {[%clk 0:01:08]} Bf4+
{[%clk 0:05:11]} 42. Kh1 {[%clk 0:01:13]} Ng7 {[%clk 0:05:10]} 43. Ng2
{[%clk 0:01:16]} Qh5 {[%clk 0:03:44]} 44. Qf2 {[%clk 0:00:27]} Bh6
{[%clk 0:03:30]} 45. b3 {[%clk 0:00:27]} Kg6 {[%clk 0:03:07]} 46. Kh2
{[%clk 0:00:28]} Kf6 {[%clk 0:03:13]} 47. f4 {[%clk 0:00:27]} e4 {[%clk 0:02:48]}
48. Qb2+ {[%clk 0:00:36]} Kf7 {[%clk 0:02:46]} 49. Qf2 {[%clk 0:00:30]} Qd1
{[%clk 0:02:21]} 50. Ne3 {[%clk 0:00:20]} Qxb3 {[%clk 0:01:44]} 51. Bxf5
{[%clk 0:00:21]} Qd3 {[%clk 0:01:31]} 52. Bh7 {[%clk 0:00:12]} Nh5
{[%clk 0:01:29]} 53. Ng2 {[%clk 0:00:19]} Qf3 {[%clk 0:01:07]} 54. Qe1
{[%clk 0:00:14]} Bxf4+ {[%clk 0:01:02]} 55. Kg1 {[%clk 0:00:23]} e3
{[%clk 0:00:58]} 56. Bd3 {[%clk 0:00:15]} Nf6 {[%clk 0:00:22]} 57. Qa1
{[%clk 0:00:16]} Qf2+ 58. Kh1 e2 {[%clk 0:00:16]} 59. Qa7+ {[%clk 0:00:25]} Kf8
{[%clk 0:00:22]} 60. Qa8+ {[%clk 0:00:29]} Ke7 {[%clk 0:00:25]} 61. Qa7+
{[%clk 0:00:30]} Nd7 {[%clk 0:00:31]} 62. Qa1 {[%clk 0:00:39]} Ne5
{[%clk 0:00:30]} 63. Bxe2 {[%clk 0:00:37]} Qxe2 {[%clk 0:00:35]} 64. Nxf4
{[%clk 0:00:46]} Qe4+ {[%clk 0:00:28]} 65. Ng2 {[%clk 0:00:54]} Qxc4
{[%clk 0:00:27]} 66. Qd1 {[%clk 0:01:00]} b3 {[%clk 0:00:27]} 67. Qh5
{[%clk 0:00:52]} Qc1+ {[%clk 0:00:25]} 68. Kh2 {[%clk 0:01:00]} b2
{[%clk 0:00:34]} 69. Qh7+ {[%clk 0:01:08]} Kd8 {[%clk 0:00:37]} 70. Qg8+
{[%clk 0:01:08]} Kc7 {[%clk 0:00:44]} 71. Qg7+ {[%clk 0:01:09]} Nd7
{[%clk 0:00:50]} 0-1